[Event "Oberliga Nord W 1415"]
[Site "Germany"]
[Date "2014.12.07"]
[Round "4.7"]
[White "Homuth, Wolfgang"]
[Black "Falk, Tobias"]
[Result "1-0"]
[WhiteElo "2242"]
[BlackElo "1998"]
[PlyCount "73"]
[EventDate "2014.09.22"]
[EventType "team-tourn"]
[EventRounds "9"]
[EventCountry "GER"]
[SourceTitle "EXT 2016"]
[Source "ChessBase"]
[SourceDate "2015.10.08"]
[SourceVersion "1"]
[SourceVersionDate "2015.10.08"]
[SourceQuality "1"]
[WhiteTeam "Werder Bremen II"]
[BlackTeam "Goettingen Tempo"]
[WhiteTeamCountry "GER"]
[BlackTeamCountry "GER"]

1. e4 c5 2. d3 Nc6 3. f4 g6 4. Nf3 Bg7 5. Be2 e6 6. 0-0 Nge7 7. c3 d5 8. Na3 0-0 9. Nc2 Qc7 10. Kh1 Bd7 11. e5 Rac8 12. d4 c4 13. Ne3 b5 14. Qe1 a5 15. Qh4 Nf5 16. Qh3 Nxe3 17. Bxe3 b4 18. Bd1 Rb8 19. Bc1 Ne7 20. Bc2 Qd8 21. g4 Qe8 22. Ng5 h6 23. Nf3 Qd8 24. Bd2 Kh7 25. Rf2 Rh8 26. Nh4 Kg8 27. f5 exf5 28. gxf5 g5 29. Ng2 f6 30. Qg3 Rb6 31. Ne3 Qb8 32. Ng4 Rh7 33. Qe3 Qc8 34. Raf1 b3 35. axb3 cxb3 36. Bd3 Bb5 37. Bxb5 1-0

[Event "Oberliga Nord W 1415"]
[Site "Germany"]
[Date "2014.09.22"]
[Round "1.6"]
[White "Homuth, Wolfgang"]
[Black "Schulz, Jens"]
[Result "1-0"]
[WhiteElo "2235"]
[BlackElo "2231"]
[PlyCount "67"]
[EventDate "2014.09.22"]
[EventType "team-tourn"]
[EventRounds "9"]
[EventCountry "GER"]
[SourceTitle "EXT 2016"]
[Source "ChessBase"]
[SourceDate "2015.10.08"]
[SourceVersion "1"]
[SourceVersionDate "2015.10.08"]
[SourceQuality "1"]
[WhiteTeam "Werder Bremen II"]
[BlackTeam "Nordhorn Blanke"]
[WhiteTeamCountry "GER"]
[BlackTeamCountry "GER"]

1. e4 e5 2. Bc4 Nf6 3. d3 Nc6 4. Nf3 Bc5 5. c3 a6 6. Bb3 Ba7 7. h3 d6 8. Nbd2 0-0 9. Nf1 Ne7 10. Ng3 Ng6 11. 0-0 h6 12. Re1 Re8 13. d4 Bd7 14. Bc2 Bc6 15. Be3 Qb8 16. Qd2 Kh7 17. Rad1 b5 18. Nh2 Qb7 19. d5 Bd7 20. Nf5 Bxf5 21. exf5 Ne7 22. Ng4 Nxg4 23. f6+ Ng6 24. hxg4 gxf6 25. Bxh6 Rh8 26. g5 Qb6 27. Rf1 Qa5 28. a3 f5 29. Bxf5 Qa4 30. g3 Kg8 31. Qe2 Ne7 32. Bc2 Qc4 33. Qf3 c6 34. Qf6 1-0

[Event "NRW Class1 1213"]
[Site "Germany"]
[Date "2013.04.28"]
[Round "9.1"]
[White "Homuth, Wolfgang"]
[Black "De Vreugt, Dennis"]
[Result "1/2-1/2"]
[WhiteElo "2197"]
[BlackElo "2369"]
[PlyCount "85"]
[EventDate "2012.09.16"]
[EventType "team-tourn"]
[EventRounds "9"]
[EventCountry "GER"]
[SourceTitle "EXT 2017"]
[Source "ChessBase"]
[SourceDate "2016.10.25"]
[SourceVersion "1"]
[SourceVersionDate "2016.10.25"]
[SourceQuality "1"]
[WhiteTeam "Langenfeld"]
[BlackTeam "Hattingen"]
[WhiteTeamCountry "GER"]
[BlackTeamCountry "GER"]

1. e4 e5 2. Bc4 Nf6 3. d3 Bc5 4. Nf3 Nc6 5. c3 d6 6. Bb3 a6 7. h3 Ba7 8. Nbd2 Ne7 9. Nf1 Ng6 10. Ng3 0-0 11. 0-0 h6 12. Re1 Re8 13. d4 Bd7 14. Bc2 Bc6 15. Qd3 b5 16. Bd2 Bb7 17. d5 c6 18. dxc6 Bxc6 19. Rad1 Nf4 20. Qf1 Qc7 21. Nf5 Rad8 22. Bc1 Bb7 23. Bb1 Ng6 24. Nh2 d5 25. exd5 Nxd5 26. Be4 Bc5 27. g3 Ne3 28. Rxe3 Bxe3 29. Bxb7 Bxc1 30. Bxa6 Bxb2 31. Bxb5 Rxd1 32. Qxd1 Rd8 33. Qg4 Qxc3 34. Bc4 Qe1+ 35. Kg2 Rd2 36. Nxh6+ Kh7 37. Qf5 Rxf2+ 38. Qxf2 Qe4+ 39. Qf3 Qxc4 40. Nxf7 Qc2+ 41. Qf2 Qc6+ 42. Qf3 Qc2+ 43. Qf2 1/2-1/2

[Event "NRW Class1 1213"]
[Site "Germany"]
[Date "2012.10.21"]
[Round "2.2"]
[White "Matthias, Heiner"]
[Black "Homuth, Wolfgang"]
[Result "1/2-1/2"]
[WhiteElo "2320"]
[BlackElo "2197"]
[PlyCount "86"]
[EventDate "2012.09.16"]
[EventType "team-tourn"]
[EventRounds "9"]
[EventCountry "GER"]
[SourceTitle "EXT 2017"]
[Source "ChessBase"]
[SourceDate "2016.10.25"]
[SourceVersion "1"]
[SourceVersionDate "2016.10.25"]
[SourceQuality "1"]
[WhiteTeam "Lippstadt Turm"]
[BlackTeam "Langenfeld"]
[WhiteTeamCountry "GER"]
[BlackTeamCountry "GER"]

1. d4 d6 2. c4 e5 3. Nf3 e4 4. Nfd2 f5 5. Nc3 Nf6 6. e3 c6 7. b4 g6 8. Nb3 Bh6 9. g3 0-0 10. a4 Na6 11. Ba3 Nc7 12. b5 Rf7 13. Bb4 d5 14. c5 Ne6 15. h4 Ng4 16. Qe2 Bd7 17. Bh3 Qf6 18. Rb1 Bf8 19. Na5 Be8 20. Rb2 h5 21. Kf1 g5 22. hxg5 Qxg5 23. bxc6 bxc6 24. Qd2 Bh6 25. Ne2 Rg7 26. Bc3 Qg6 27. Nf4 Nxf4 28. exf4 e3 29. fxe3 Re7 30. Bxg4 fxg4 31. Rh2 Qe4 32. Qe2 Qxe3 33. Bd2 Qe4 34. Qxe4 Rxe4 35. Re2 Rxd4 36. Re6 Bg7 37. Nxc6 Rd3 38. Ne5 Bxe5 39. fxe5 Bxa4 40. Rg6+ Kh7 41. Rh6+ Kg8 42. Rg6+ Kh7 43. Rh6+ Kg8 1/2-1/2

[Event "Schleswig Holstein-ch M class"]
[Site "Schleswig Holstein"]
[Date "2012.03.31"]
[Round "1"]
[White "Homuth, Wolfgang"]
[Black "Werner, Thomas"]
[Result "1/2-1/2"]
[WhiteElo "2223"]
[BlackElo "2085"]
[PlyCount "88"]
[EventDate "2012.03.31"]
[EventType "swiss"]
[EventRounds "9"]
[EventCountry "GER"]
[SourceTitle "EXT 2022"]
[Source "ChessBase"]
[SourceDate "2021.10.06"]
[SourceVersion "1"]
[SourceVersionDate "2021.10.06"]
[SourceQuality "1"]

1. e4 Nc6 2. Nf3 Nf6 3. e5 Ng4 4. d4 d6 5. h3 Nh6 6. Nc3 a6 7. a3 Bf5 8. g4 Bg6 9. Be3 e6 10. Bg2 d5 11. Qd2 Qd7 12. Bg5 b6 13. 0-0 Be7 14. b4 Ng8 15. Rfe1 h5 16. Rac1 hxg4 17. hxg4 Nh6 18. Qf4 Bxg5 19. Nxg5 Ne7 20. Bf1 c6 21. Bd3 b5 22. Ne2 a5 23. Qg3 axb4 24. axb4 Ra3 25. Nf4 Bxd3 26. Nxd3 Ng6 27. c3 Qe7 28. f4 0-0 29. Nc5 Ra2 30. Nb3 f5 31. exf6 Rxf6 32. f5 Nxf5 33. gxf5 Rxf5 34. Nh3 Nf4 35. Re3 Ne2+ 36. Rxe2 Rxe2 37. Rf1 Rxf1+ 38. Kxf1 Rb2 39. Nc5 Qa7 40. Nf2 Qa1+ 41. Kg2 Qe1 42. Ncd3 Qe4+ 43. Kh2 Rc2 44. Kg1 Qe2 1/2-1/2

[Event "NRW Class1 1112"]
[Site "Germany"]
[Date "2012.01.08"]
[Round "5.2"]
[White "Homuth, Wolfgang"]
[Black "Schuh, Dirk"]
[Result "0-1"]
[WhiteElo "2204"]
[BlackElo "2378"]
[PlyCount "62"]
[EventDate "2011.09.18"]
[EventType "team-tourn"]
[EventRounds "9"]
[EventCountry "GER"]
[SourceTitle "EXT 2015"]
[Source "ChessBase"]
[SourceDate "2014.11.20"]
[SourceVersion "1"]
[SourceVersionDate "2014.11.20"]
[SourceQuality "1"]
[WhiteTeam "Langenfeld"]
[BlackTeam "Bielefeld"]
[WhiteTeamCountry "GER"]
[BlackTeamCountry "GER"]

1. e4 e6 2. d4 d5 3. e5 c5 4. c3 Nc6 5. Nf3 Nh6 6. dxc5 Bxc5 7. Bxh6 gxh6 8. Qd2 Bf8 9. Bb5 Qb6 10. Qe2 Bd7 11. 0-0 Bg7 12. Na3 0-0 13. Rad1 f6 14. Bxc6 bxc6 15. Rd4 Be8 16. Rb4 Qc7 17. Nd4 c5 18. Nxe6 Qe7 19. Nxg7 cxb4 20. Nf5 Qxe5 21. Qg4+ Bg6 22. Nh4 bxa3 23. Nxg6 h5 24. Qf5 Qxf5 25. Ne7+ Kh8 26. Nxf5 axb2 27. Rb1 Rab8 28. Ne3 d4 29. Nd5 Rfd8 30. c4 Rxd5 31. cxd5 Rc8 0-1

[Event "NRW Class1 1112"]
[Site "Germany"]
[Date "2011.12.04"]
[Round "4.2"]
[White "Lupor, Stefan"]
[Black "Homuth, Wolfgang"]
[Result "0-1"]
[WhiteElo "2206"]
[BlackElo "2204"]
[PlyCount "68"]
[EventDate "2011.09.18"]
[EventType "team-tourn"]
[EventRounds "9"]
[EventCountry "GER"]
[SourceTitle "EXT 2015"]
[Source "ChessBase"]
[SourceDate "2014.11.20"]
[SourceVersion "1"]
[SourceVersionDate "2014.11.20"]
[SourceQuality "1"]
[WhiteTeam "Ennepe Ruhr Sued"]
[BlackTeam "Langenfeld"]
[WhiteTeamCountry "GER"]
[BlackTeamCountry "GER"]

1. d4 d6 2. e4 Nf6 3. Nc3 g6 4. Bg5 Bg7 5. Qd2 h6 6. Bh4 g5 7. Bg3 Nh5 8. 0-0-0 Nc6 9. Qe3 e6 10. Nge2 Qe7 11. h4 Bd7 12. Bh2 0-0-0 13. g4 Nf6 14. f3 Be8 15. Bg3 Bd7 16. Bg2 Rdg8 17. Kb1 Ne8 18. d5 exd5 19. Nxd5 Qd8 20. h5 Kb8 21. Bf2 b6 22. Rhe1 Nf6 23. Qa3 Re8 24. Ne3 Re7 25. Ng3 Re5 26. Ngf5 Bf8 27. Nc4 d5 28. Nxe5 Bxa3 29. Nxf7 Qf8 30. bxa3 Qxf7 31. e5 Nxh5 32. Nd4 Nf4 33. Bf1 Nxd4 34. Bxd4 Re8 0-1

[Event "NRW Class1 1112"]
[Site "Germany"]
[Date "2011.11.13"]
[Round "3.2"]
[White "Mantler, Hendrik"]
[Black "Homuth, Wolfgang"]
[Result "1-0"]
[WhiteElo "2144"]
[BlackElo "2204"]
[PlyCount "179"]
[EventDate "2011.09.18"]
[EventType "team-tourn"]
[EventRounds "9"]
[EventCountry "GER"]
[SourceTitle "EXT 2015"]
[Source "ChessBase"]
[SourceDate "2014.11.20"]
[SourceVersion "1"]
[SourceVersionDate "2014.11.20"]
[SourceQuality "1"]
[WhiteTeam "Elberfeld"]
[BlackTeam "Langenfeld"]
[WhiteTeamCountry "GER"]
[BlackTeamCountry "GER"]

1. e4 d6 2. d4 Nf6 3. Nc3 g6 4. Be3 Bg7 5. Qd2 0-0 6. Nf3 c6 7. Bh6 b5 8. Bd3 Bg4 9. Bxg7 Kxg7 10. Qf4 Bxf3 11. Qxf3 e5 12. dxe5 dxe5 13. 0-0 Nbd7 14. a4 a6 15. Qe3 Qe7 16. axb5 axb5 17. f3 Qb4 18. Qc1 Qd4+ 19. Kh1 Rxa1 20. Qxa1 Nb6 21. Ne2 Qc5 22. b3 Rd8 23. Qc3 Nfd7 24. Qb2 Kg8 25. Ng3 Qe3 26. Qc3 Qc5 27. Qd2 Nf8 28. f4 exf4 29. Qxf4 Qe7 30. Qe3 Nbd7 31. Ne2 Ne5 32. Nf4 Ne6 33. Be2 Nxf4 34. Qxf4 Kg7 35. h3 Rd6 36. Qe3 Nd7 37. Bd3 Qe5 38. Re1 Nc5 39. Kg1 Rd8 40. Rf1 Qd4 41. Qxd4+ Rxd4 42. Kf2 Rd7 43. Ke3 Ra7 44. Kd4 Ne6+ 45. Kc3 Ra2 46. b4 f6 47. Kb3 Ra7 48. Kc3 Nf8 49. Rd1 Nd7 50. Be2 Kf7 51. Kb3 Ke7 52. c4 bxc4+ 53. Bxc4 Ne5 54. Kc3 h5 55. Rf1 h4 56. Rg1 g5 57. g3 Ra3+ 58. Bb3 Nf3 59. Rg2 Ra1 60. gxh4 Nxh4 61. Rg3 Kd6 62. Kd4 Rb1 63. Rc3 Ng6 64. Rf3 Nf4 65. h4 Ne2+ 66. Kc4 Rc1+ 67. Kd3 Nf4+ 68. Kd2 Rg1 69. hxg5 fxg5 70. e5+ Kxe5 71. Ba4 g4 72. Re3+ Kd4 73. Re8 Rg2+ 74. Ke1 Nd3+ 75. Kf1 Rf2+ 76. Kg1 Rf6 77. Rg8 Ne5 78. Bd1 Rf4 79. Kg2 Kc3 80. Re8 Re4 81. Ba4 Rxb4 82. Bd1 Re4 83. Kf1 c5 84. Be2 c4 85. Rc8 Kd2 86. Bxc4 Nxc4 87. Kf2 Ne5 88. Rd8+ Kc3 89. Kg3 Kb4 90. Rc8 1-0